<?xml version="1.0" encoding="UTF-8"?>
<collection xmlns="http://www.loc.gov/MARC21/slim">
 <record>
  <leader>01668naa a2200253 i 4500</leader>
  <controlfield tag="001">acta55969</controlfield>
  <controlfield tag="005">20260224081030.0</controlfield>
  <controlfield tag="008">181206s2015    hu      o     100   eng d</controlfield>
  <datafield tag="020" ind1=" " ind2=" ">
   <subfield code="a">978-963-306-411-5</subfield>
  </datafield>
  <datafield tag="040" ind1=" " ind2=" ">
   <subfield code="a">SZTE Egyetemi Kiadványok Repozitórium</subfield>
   <subfield code="b">hun</subfield>
  </datafield>
  <datafield tag="041" ind1=" " ind2=" ">
   <subfield code="a">eng</subfield>
  </datafield>
  <datafield tag="100" ind1="1" ind2=" ">
   <subfield code="a">Ardelean Magdalena</subfield>
  </datafield>
  <datafield tag="245" ind1="1" ind2="0">
   <subfield code="a">Voltammetric detection of drugs considered as emerging pollutant in water at carbon nanofiber composite electrode</subfield>
   <subfield code="h">[elektronikus dokumentum] /</subfield>
   <subfield code="c"> Ardelean Magdalena</subfield>
  </datafield>
  <datafield tag="260" ind1=" " ind2=" ">
   <subfield code="c">2015</subfield>
  </datafield>
  <datafield tag="300" ind1=" " ind2=" ">
   <subfield code="a">230-233</subfield>
  </datafield>
  <datafield tag="490" ind1="0" ind2=" ">
   <subfield code="a">Proceedings of the International Symposium on Analytical and Environmental Problems</subfield>
   <subfield code="v">21</subfield>
  </datafield>
  <datafield tag="520" ind1="3" ind2=" ">
   <subfield code="a">In this study, carbon nanofiber-epoxy (CNF) composite electrode was tested using cyclic voltammetry (CV), differential-pulsed voltammetry (DPV) and square-wave voltammetry (SWV) techniques for the quantitative determination of naproxen (NPX), which was chosen the model for the anti-inflammatory drugs as emerging pollutants from water. The best performance in relation with the sensitivity and the detection potential value was obtained by employing DPV, and in relation with the lowest limit of detection and quantification was achieved by SWV under operating conditions of modulation amplitude of 0.2V, step potential of 0.05V and a scan rate of 0.025V.</subfield>
  </datafield>
  <datafield tag="695" ind1=" " ind2=" ">
   <subfield code="a">Analitikai kémia</subfield>
  </datafield>
  <datafield tag="700" ind1="0" ind2="1">
   <subfield code="a">Manea Florica</subfield>
   <subfield code="e">aut</subfield>
  </datafield>
  <datafield tag="700" ind1="0" ind2="1">
   <subfield code="a">Baciu Anamaria</subfield>
   <subfield code="e">aut</subfield>
  </datafield>
  <datafield tag="700" ind1="0" ind2="1">
   <subfield code="a">Pop Aniela</subfield>
   <subfield code="e">aut</subfield>
  </datafield>
  <datafield tag="700" ind1="0" ind2="1">
   <subfield code="a">Pode Rodica</subfield>
   <subfield code="e">aut</subfield>
  </datafield>
  <datafield tag="710" ind1=" " ind2=" ">
   <subfield code="a">International Symposium on Analytical and Environmental Problems (21.) (2015) (Szeged)</subfield>
  </datafield>
  <datafield tag="856" ind1="4" ind2="0">
   <subfield code="u">http://acta.bibl.u-szeged.hu/55969/1/proceedings_of_isaep_2015_230-233.pdf</subfield>
   <subfield code="z">Dokumentum-elérés </subfield>
  </datafield>
 </record>
</collection>
